| 000 | 00594nam a2200229 a 4500 | ||
|---|---|---|---|
| 001 | nice12345678 | ||
| 003 | IN_TiNIC | ||
| 005 | 20260116011256.0 | ||
| 008 | 050524s1964 graa grp 000 0 eng | ||
| 020 |
_a _c100 |
||
| 082 | 0 | 0 |
_a220.1 _bWAR |
| 100 | _aWarfield, Benjamin Breckinridg | ||
| 245 | _aInspiration and Authority of the Bible. | ||
| 260 |
_aGrand Rapids _bBaker Book House _c1964 |
||
| 300 | _a446p | ||
| 500 | _aincludes index and biblioraphy | ||
| 505 | 2 | _aAppendix, Index. | |
| 650 | _aBible-Evidences and Authority | ||
| 902 | _bSRS | ||
| 942 | _cBK | ||
| 999 |
_c82 _d82 |
||